000 00429nmm a2200157Ia 4500
008 251105s9999||||xx |||||||||||||||||und||
041 _aspa
100 _aCelmer, Michelle
245 0 _aMillonario encubierto
264 _a[Madrid, España] :
_bHarlequin,
_c2008
300 _a192 páginas
490 _a'Negocios de pasión'
650 _aRomance
856 _uhttps://public.digitaliapublishing.com/a/50133
942 _cCF
999 _c100346
_d100346